Vista normal Vista MARC

Entrada Personal Name

Número de registros utilizados en: 1

001 - CONTROL NUMBER

  • control field: 9226

003 - CONTROL NUMBER IDENTIFIER

  • control field: OSt

005 - DATE AND TIME OF LATEST TRANSACTION

  • control field: 20200825150311.0

008 - FIXED-LENGTH DATA ELEMENTS

  • fixed length control field: 200825|| aca||aabn | a|a d

040 ## - CATALOGING SOURCE

  • Original cataloging agency: OSt
  • Transcribing agency: OSt

100 ## - HEADING--PERSONAL NAME

  • Personal name: Aránega, Sussana

670 ## - SOURCE DATA FOUND

  • Source citation: Work cat.: (OSt)6370: López Rodriguez, Francesc, Compilador 9222, El mundo en guerra : , 2003.